Ježeček Pícháček

Hlavní autor: Vopálenský, Ján
Jazyk: Čeština
Vydáno: Bratislava : Mladé letá, 1982
Fyzický popis: 1 sv. (nestr.)
Knihy
Uloženo v:
LEADER 00761nam a22002412a 4500
001 001702502
003 CZ BrMZK
005 20190816164618.0
007 ta
008 190816s1982 xr a er|||||||||||cze d
040 |a BOA001  |b cze  |e aacr2 
041 1 |a cze  |h slo 
100 1 |a Vopálenský, Ján  |7 xx0115121  |4 aut 
245 1 0 |a Ježeček Pícháček  |c Ján Vopálenský ; ilustr. Jana Želibská 
260 |a Bratislava :  |b Mladé letá,  |c 1982 
300 |a 1 sv. (nestr.) 
500 |a Omalovánky a vytřihovánky s textem 
500 |a Přeloženo ze slovenštiny 
521 8 |a Pro děti od 4 let 
910 |a BOA001  |b X2-0854.202 
990 |a BK 
991 |b 201908 
996 7 |b 2618825085  |c X2-0854.202  |l MZK  |r Sklad / do 24 hodin  |n 0  |w 001749349  |u 000010  |a 1  |e BOA001  |j MZK50  |s A